| 000 | 00482nam a22001817a 4500 | ||
|---|---|---|---|
| 003 | BD-ChCU | ||
| 005 | 20251211130835.0 | ||
| 008 | 251211b bg ||||| |||| 00| 0 ben d | ||
| 040 | _cBD-ChCU | ||
| 082 | _a330.1 STI | ||
| 100 |
_aStewart, Mark B. & Wallis, Kenneth F. _918065 |
||
| 245 |
_aIntroductory Econometrics.// _cMark B. Stewart. |
||
| 250 | _a2nd ed. | ||
| 260 |
_aNew York _bA. Halsted _c1981 |
||
| 300 | _a337p | ||
| 650 | 0 |
_aEconomics. _918067 |
|
| 942 |
_2ddc _cBK _n0 |
||
| 999 |
_c110404 _d110404 |
||